| 000 -LEADER |
| fixed length control field |
00907cam a22002414a 4500 |
| 003 - CONTROL NUMBER IDENTIFIER |
| control field |
OSt |
| 005 - DATE AND TIME OF LATEST TRANSACTION |
| control field |
20200310085323.0 |
| 008 - FIXED-LENGTH DATA ELEMENTS--GENERAL INFORMATION |
| fixed length control field |
000222s2000 enka b 001 0 eng |
| 020 ## - INTERNATIONAL STANDARD BOOK NUMBER |
| International Standard Book Number |
9787561177747 |
| 040 ## - CATALOGING SOURCE |
| Original cataloging agency |
DLC |
| Transcribing agency |
DLC |
| Modifying agency |
DLC |
| 042 ## - AUTHENTICATION CODE |
| Authentication code |
pcc |
| 082 00 - DEWEY DECIMAL CLASSIFICATION NUMBER |
| Classification number |
727.1 |
| Edition number |
21 |
| Item number |
DES |
| 245 10 - TITLE STATEMENT |
| Title |
Kindergarten architecture : |
| Statement of responsibility, etc |
Hi-Design |
| 250 ## - EDITION STATEMENT |
| Edition statement |
2nd ed. |
| 504 ## - BIBLIOGRAPHY, ETC. NOTE |
| Bibliography, etc |
Includes bibliographical references and index. |
| 650 #0 - SUBJECT ADDED ENTRY--TOPICAL TERM |
| Topical term or geographic name as entry element |
Kindergarten facilities. |
| 650 #0 - SUBJECT ADDED ENTRY--TOPICAL TERM |
| Topical term or geographic name as entry element |
Schools |
| General subdivision |
Furniture, equipment, etc. |
| 650 #0 - SUBJECT ADDED ENTRY--TOPICAL TERM |
| Topical term or geographic name as entry element |
Architecture |
| Form subdivision |
Designs and plans. |
| 856 42 - ELECTRONIC LOCATION AND ACCESS |
| Materials specified |
Publisher description |
| Uniform Resource Identifier |
<a href="http://www.loc.gov/catdir/enhancements/fy0652/00025594-d.html">http://www.loc.gov/catdir/enhancements/fy0652/00025594-d.html</a> |
| 906 ## - LOCAL DATA ELEMENT F, LDF (RLIN) |
| a |
7 |
| b |
cbc |
| c |
orignew |
| d |
1 |
| e |
ocip |
| f |
20 |
| g |
y-gencatlg |
| 942 ## - ADDED ENTRY ELEMENTS (KOHA) |
| Source of classification or shelving scheme |
|
| 955 ## - COPY-LEVEL INFORMATION (RLIN) |
| Classification number, CCAL (RLIN) |
to ASCD pv00 02-22-00; jk15 02-23-00 to subj.; to sj00 02-24-00; sj10 02-28-00; sj04 02-29-00; to Dewey 02-29-00; aa05 03-01-00 |
| -- |
ps05 2003-11-06 bk rec'd, to CIP ver. |